000 00526nam a2200181Ia 4500
999 _c29328
_d29328
003 OSt
005 20210104122153.0
008 190216s9999||||xx |||||||||||||| ||und||
020 _a9788182641044
040 _coclc
082 _a894.8121
_bNAM/S
100 _aNambiar, Kunchan
_97530
245 0 _aSivapuranam /
_cKunchan Nambiar
260 _bMathrubhumi Printing And Publishing,
_aKozhikode:
_c2004.
300 _a176p
650 _aKavithkal
942 _cBK
_2ddc
_h894.8121
_iNAM/S
_k894.8121
_mNAM/S